| 000 | 00548nam a2200217Ia 4500 | ||
|---|---|---|---|
| 008 | 170203s9999 xx 000 0 und d | ||
| 020 | _a9812334181 | ||
| 050 | _aFIc | ||
| 050 | _bD457h | ||
| 100 | _aDe Silva, Anne. | ||
| 245 | 4 | _aThe hidden talent / | |
| 245 | _cAnne De Silva ; illustrated by Loo Lay Tin. | ||
| 260 | _aSingapore : | ||
| 260 | _bEarly Childhood Publications, | ||
| 260 | _c2002 | ||
| 300 | _a59 pages : | ||
| 300 | _billustrations ; | ||
| 300 | _c19 cm. | ||
| 440 | _aStarters. | ||
| 650 | _aReaders (Primary) | ||
| 999 |
_c306412 _d306412 |
||